000 00371nam a2200145Ia 4500
005 20251222153614.0
008 251222s9999||||xx |||||||||||||| ||spa||
020 _a9788496515888
082 _a610.82/V36
100 _aVásquez Vega, Pablo
245 0 _aLa Feminización de las Profesiones Sanitarias
250 _a1ra. ed.
264 _bFundación BBVA
942 _cLIB
999 _c31731
_d31731